书目信息 |
| 题名: |
甄洛传
|
|
| 作者: | 刘万里 著 | |
| 分册: | ||
| 出版信息: | 南京 江苏凤凰文艺出版社 2019.04 |
|
| 页数: | 344页 | |
| 开本: | 21cm | |
| 丛书名: | ||
| 单 册: | ||
| 中图分类: | I247.57 | |
| 科图分类: | ||
| 主题词: | 长篇小说--chang pian xiao shuo--中国--当代 | |
| 电子资源: | ||
| ISBN: | 978-7-5594-3623-8 | |
| 000 | 00889nam0 2200241 450 | |
| 001 | 202019138256 | |
| 005 | 20191026133322.0 | |
| 010 | @a978-7-5594-3623-8@dCNY58.00 | |
| 100 | @a20191025d2019 em y0chiy50 ea | |
| 101 | 0 | @achi |
| 102 | @aCN@b320000 | |
| 105 | @ay z 000ay | |
| 106 | @ar | |
| 200 | 1 | @a甄洛传@Azhen luo zhuan@f刘万里著 |
| 210 | @a南京@c江苏凤凰文艺出版社@d2019.04 | |
| 215 | @a344页@d21cm | |
| 314 | @a刘万里, 著有《甄洛传》等作品。 | |
| 330 | @a这部长篇小说讲述了在战火纷飞的三国, 一个女人跟曹操、曹丕和曹植三个男人及初恋情人刘宗彪之间的感情纠葛展开, 通过一个女人的视觉, 展现了三国纷争、恩怨, 故事情节起伏跌宕、扣人心弦, 引人入胜, 是一部非常不错的有卖点和看点的小说。 | |
| 606 | 0 | @a长篇小说@Achang pian xiao shuo@y中国@z当代 |
| 690 | @aI247.57@v5 | |
| 701 | 0 | @a刘万里@Aliu wan li@4著 |
| 801 | 0 | @aCN@c20190905 |
| 905 | @a河南城建学院图书馆@dI247.57@eL683 | |
| 甄洛传/刘万里著.-南京:江苏凤凰文艺出版社,2019.04 |
| 344页;21cm |
| ISBN 978-7-5594-3623-8:CNY58.00 |
| 这部长篇小说讲述了在战火纷飞的三国, 一个女人跟曹操、曹丕和曹植三个男人及初恋情人刘宗彪之间的感情纠葛展开, 通过一个女人的视觉, 展现了三国纷争、恩怨, 故事情节起伏跌宕、扣人心弦, 引人入胜, 是一部非常不错的有卖点和看点的小说。 |
| ● |
| 相关链接 |
|
|
|
正题名:甄洛传
索取号:I247.57/L683
 
预约/预借
| 序号 | 登录号 | 条形码 | 馆藏地/架位号 | 状态 | 备注 |
| 1 | 1456416 | 214564167 | 文学库108/108文学库 50排1列5层/ [索取号:I247.57/L683] | 在馆 | |
| 2 | 1456417 | 214564176 | 文学库108/108文学库 50排1列5层/ [索取号:I247.57/L683] | 在馆 |